Database systems Design, implementation, and management
TI150
Gorde:
| Egile nagusia: | |
|---|---|
| Beste egile batzuk: | |
| Formatua: | Liburua |
| Hizkuntza: | Undetermined |
| Argitaratua: |
Boston, Massachusetts
Thomson/Coursetechnology
2007
|
| Gaiak: | |
| Sarrera elektronikoa: | http://lrc.tdmu.edu.vn/opac/search/detail.asp?aID=2&ID=7252 |
| Etiketak: |
Etiketa erantsi
Etiketarik gabe, Izan zaitez lehena erregistro honi etiketa jartzen!
|
| Thư viện lưu trữ: | Trung tâm Học liệu Trường Đại học Thủ Dầu Một |
|---|
| LEADER | 00792nam a2200229Ia 4500 | ||
|---|---|---|---|
| 001 | TDMU_7252 | ||
| 008 | 210410s9999 xx 000 0 und d | ||
| 082 | |a 004.2 | ||
| 090 | |b R418 | ||
| 100 | |a Rob, Peter | ||
| 245 | 0 | |a Database systems | |
| 245 | 0 | |b Design, implementation, and management | |
| 245 | 0 | |c Peter Rob, Carlos Coronel | |
| 260 | |a Boston, Massachusetts | ||
| 260 | |b Thomson/Coursetechnology | ||
| 260 | |c 2007 | ||
| 300 | |a xxvii, 668p. | ||
| 520 | |a TI150 | ||
| 650 | |a Database design; Database management; Thiết kế cơ sở dữ liệu; Quản trị cơ sở dữ liệu | ||
| 700 | |a Coronel, Carlos | ||
| 856 | |u http://lrc.tdmu.edu.vn/opac/search/detail.asp?aID=2&ID=7252 | ||
| 980 | |a Trung tâm Học liệu Trường Đại học Thủ Dầu Một | ||